Quizzes
Events
Quiz Creation
Community
Videos
Private Events
Remove Ads
Sign In
Join for FREE
Feedback
Dark Mode
Quiz Categories
Sports
Geography
Music
Movies
Television
Just For Fun
Miscellaneous
History
Literature
Language
Science
Gaming
Entertainment
Religion
Holiday
For Kids
Quiz Lab
Recent
Popular Today
Quiz Kudos Today
Editor Picks
Curator Picks
Quizzes by...
Day
Popularity
Type
Ratings
Length
Year
Community
Subscriptions
Recent Discussions
Orange Saloon
Badges
Playlists
Quests
Create
Leaderboards
Showdown
Live 5
Trivia Bingo
Activity
Puzzle Library
Sporcle Events
Private Events
Virtual Trivia
Globe League
Become a Host
Pub Owners
SporcleCon
Opinionation
Our Games
Videos
Blog
Mobile Apps
Partnerships
Remove Ads and Go Orange
Feedback
Sports
Athletes
MLB
NBA
NHL
NFL
Soccer
Sports Teams
WWE
NCAA
Football
Premier League
Basketball
Baseball
Hockey
Golf
Tennis
Cricket
Rugby
Auto Racing
Olympics
World Cup
Sports
Athletes
MLB
NBA
NHL
NFL
Soccer
Sports Teams
WWE
NCAA
Football
Premier League
Basketball
Baseball
Hockey
Golf
Tennis
Cricket
Rugby
Auto Racing
Olympics
World Cup
Random Quiz
Search Sporcle
×
Quiz Lab
Quiz Lab
Sports
NFL
Type in answers that appear in a list
Type in answers that appear in a list
Classic
Best Score? Go Orange.
Official NFL Franchise Colors (Current) Stats
Can you name the Official NFL Franchise Colors (Current)?
By
mishuggina
8m
32 Questions
535 Plays
535 Plays
535 Plays
Comments
Comments
Give Quiz Kudos
Give Quiz Kudos
-
- Ratings
hide this ad
Forced Order
Answers have to be entered in order
Answers have to be entered in order
Random Order
Randomize order of answers
Randomize order of answers
Replay
Link that replays current quiz
Next Quiz
Link to next quiz in quiz playlist
You Got
0%
They Got
Avg Score
59%
Avg Friend Score
Upgrade to see
Score Distribution
Jump to the score distribution portion of the page
Score
0/32
Timer
08:00
0
Plays Today
colors
team
% Correct
Purple, Gold, White
Minnesota Vikings
79.4%
Brown, Orange, White
Cleveland Browns
78.5%
Cardinal Red, Black, White
Arizona Cardinals
76.6%
Silver, Black, White
Oakland Raiders
72.1%
Black, Orange, White
Cincinnati Bengals
71.5%
Hunter Green, White
New York Jets
68.5%
Dark Green, Gold, White
Green Bay Packers
66.5%
Black, Purple, Metallic Gold, White
Baltimore Ravens
66.3%
Old Gold, Black, White
New Orleans Saints
62.9%
Aqua, Coral, Navy, White
Miami Dolphins
62.2%
(Team Name) Navy, Orange, White
Denver Broncos
60.9%
(Team Name) Red, Metallic Gold, White
San Francisco 49ers
60.3%
Royal Blue, White
Indianapolis Colts
59.4%
Midnight Green, Black, Charcoal, Silver, White
Philadelphia Eagles
58.8%
Navy, Gold, Powder Blue, White
San Diego Chargers
58.6%
(Team Name) Blue, Dark Navy, Bright Green, White
Seattle Seahawks
58.6%
colors
team
% Correct
Nautical Blue, Red, New Century Silver, White
New England Patriots
58.4%
Burgundy, Gold, White
Washington Redskins
58.2%
Dark Navy, Orange, White
Chicago Bears
57.3%
Teal, Black, White, Gold
Jacksonville Jaguars
57.3%
Black, Gold, White
Pittsburgh Steelers
55.2%
Navy, Silver, White
Dallas Cowboys
54.7%
Deep Steel Blue, Battle Red, Liberty White
Houston Texans
53.2%
Millennium Blue, New Century Gold, White
St. Louis Rams
52.8%
Red, Gold, White
Kansas City Chiefs
51.5%
Red, Black, White, Silver
Atlanta Falcons
50.7%
(Team Name) Red, Pewter, Black, Orange, White
Tampa Bay Buccaneers
50.4%
Black, (Team Name) Blue, Silver, White
Carolina Panthers
48.5%
Honolulu Blue, Silver, Black, White
Detroit Lions
48.5%
Dark Blue, Red, Gray, White
New York Giants
47.8%
Midnight Navy, Red, Royal Blue, Nickel, White
Buffalo Bills
45.9%
Navy, (Team Name) Blue, White, Red, Silver
Tennessee Titans
40.1%
Quiz Playlist
Details
Report
Send in Message
Add To Playlist
Classic:
Type in answers that appear in a list
Forced Order:
Answers have to be entered in order
Random Order:
Randomize order of answers
Quiz Source
Last Updated: Feb 16, 2017
Quiz Scoreboard
CHALLENGE
Sign Up to Join the Scoreboard
Show All
Scores
Hide
Comments
May contain spoilers
Recently Published
Billboard Blitz: Fleetwood Mac
by CooCooCachoo
Music
15s
Presidents Visiting Landmarks
by Hejman
History
7m
An Introduction to Baseball
by treessimontrees
Sports
5m
More to Explore
Quiz From the Vault
Featured Blog Post
Where Did the Easter Bunny Come From?
hide this ad
You Might Also Like...
Tags
Color Quiz
NFL Quiz
franchise
official
team
Today's Top Quizzes in Sports
Browse Sports
hide this ad
Today's Top Quizzes in NFL
Browse NFL
Top Contributed Quizzes in Sports
1
Les meilleurs buteurs des matchs entre le PSG et l’OM
2
2022 World Cup Stars
3
FIFA Club World Cup Champions
4
Les entraîneurs de l'OM et du PSG au 21e siècle
5
Name the Premier League winners with different clubs
6
5-to-1: UK Sports Teams
7
La finale Lions - Afrique du Sud 2021
8
Criteria MLB: Left Handed Sluggers
9
AFC Teams Reveal (Wrong Answers Minefield)
10
England Test cricketers to play under Nasser Hussain
Explore More
Trending Topics
Marvel
Anime
Kpop
NBA
Crossword
Harry Potter
Disney
Puzzle
NFL
Pokémon
The Office
WWE
Song
Country
Soccer
hide this ad
More By:
mishuggina
Quiz
Plays
Rating
Category
Featured
Created
BCS Standings History
341,136
4.59
Sports
Sep 29, 2009
NFL Starting QB and RB Colleges
5,730
3.64
Sports
Sep 18, 2012
Major Airline US Hubs
2,497
4.31
Just For Fun
Mar 11, 2010
BCS Failures
1,439
4.11
Sports
Oct 1, 2009
Current QB Uniform #'s
757
4.22
Sports
Sep 25, 2009
Go to Creator's Profile
Score Distribution
Quiz Creator Spotlight
mishuggina
Follow
Send a Message
Quizzes Created
-
Created Quiz Play Count
-
More By This Creator
Popular Quizzes Today
1
Find the US States - No Outlines Minefield
2
Find the Countries of Europe - No Outlines Minefield
3
The Countries of the World
4
Find the US States
5
Popular People in 1961
6
US States
7
Risky Map Clicking: Biggest States A-Z
8
Movies - When Are They Set?
More Sports Quizzes
Benfica's Number 9's
Quiz Lab
Trending Quizzes
Risky Map Clicking: Least Populous States A-Z
1-10 Letter G Words
1-10 Letter F Words
Risky Map Clicking: Next State Alphabetically
Risky Map Clicking: Biggest States A-Z
Recently Updated
Leaping Animals
pecheneg
Reality TV Shows (A-Z)
bhenderson79
Rickey Henderson's Hall of Fame Teammates
pecheneg
Champions League XIs: Arsenal
pecheneg
Quick Pick: Celebrities in WWE's Hall of Fame
aduchscher
A-Z Keypad Blitz II
pecheneg
Multiple Oscar Actors
pecheneg
Mystery Phrase Blitz: Oscar 'Best Actors'
pecheneg
F. Scott Fitzgerald Novels
LTH
Pick 3 Villains
ddd62291
Trending Topics
Anime
Kpop
Marvel
NBA
Harry Potter
Crossword
Disney
WWE
Song
Puzzle
NFL
Country
Soccer
Pokémon
The Office
Your Account Isn't Verified!
In order to create a playlist on Sporcle, you need to verify the email address you used during registration. Go to your
Sporcle Settings
to finish the process.
Report this User
Report this user for behavior that violates our
Community Guidelines
.
Details:
Send Report
Go to the Sporcle.com Mobile Site →
Comments